[Event "Winnipeg Manitoba op"]
[Site "Winnipeg"]
[Date "1991.05.20"]
[Round "6"]
[White "Kopchuk, Boris"]
[Black "Cleto, Sam"]
[Result "1-0"]
[WhiteElo "1914"]
[BlackElo "1446"]
[PlyCount "63"]
[EventDate "1991.05.18"]
[EventType "swiss"]
[EventRounds "6"]
[EventCountry "CAN"]
[SourceTitle "EXT 2022"]
[Source "ChessBase"]
[SourceDate "2021.10.06"]
[SourceVersion "1"]
[SourceVersionDate "2021.10.06"]
[SourceQuality "1"]

1. d4 Nf6 2. c4 e6 3. g3 d5 4. Bg2 c5 5. Nf3 Nc6 6. 0-0 Be7 7. Nc3 b6 8. Bf4 Bb7 9. Qa4 0-0 10. Rfd1 cxd4 11. Nxd4 Nxd4 12. Rxd4 Bc5 13. Rd2 Ng4 14. Ne4 Qc8 15. cxd5 Bxd5 16. Nxc5 Qxc5 17. e4 Bb7 18. Bd6 Qg5 19. f4 Qh6 20. h3 Ne3 21. Bxf8 Rxf8 22. Re1 Nxg2 23. Kxg2 f5 24. Qxa7 Bxe4+ 25. Kh2 e5 26. Qc7 exf4 27. gxf4 g5 28. fxg5 Qh4 29. Rg1 Re8 30. g6 Re7 31. Qd8+ Kg7 32. gxh7+ 1-0

[Event "Winnipeg Manitoba op"]
[Site "Winnipeg"]
[Date "1991.05.18"]
[Round "2"]
[White "Kopchuk, Boris"]
[Black "Kalajdzievski, Sasho"]
[Result "0-1"]
[WhiteElo "1914"]
[BlackElo "2367"]
[PlyCount "108"]
[EventDate "1991.05.18"]
[EventType "swiss"]
[EventRounds "6"]
[EventCountry "CAN"]
[SourceTitle "EXT 2022"]
[Source "ChessBase"]
[SourceDate "2021.10.06"]
[SourceVersion "1"]
[SourceVersionDate "2021.10.06"]
[SourceQuality "1"]

1. d4 d5 2. c4 e6 3. Nc3 Nf6 4. Bg5 Be7 5. e3 0-0 6. Nf3 Nbd7 7. Qc2 h6 8. Bh4 c6 9. cxd5 exd5 10. Bd3 Re8 11. 0-0 Ne4 12. Bxe7 Qxe7 13. Rae1 Nf8 14. Nd2 Bf5 15. f3 Nxd2 16. Qxd2 Bxd3 17. Qxd3 Rad8 18. Na4 Ne6 19. Qc3 b5 20. Nc5 Nxc5 21. dxc5 Qe5 22. Qd4 Re7 23. g3 Rde8 24. Kf2 Qf5 25. Kg2 Qe5 26. Kf2 h5 27. h4 g6 28. b4 f6 29. Rh1 Qf5 30. Rhg1 Re4 31. Qd2 Rc4 32. Rc1 Rce4 33. Rce1 g5 34. Qd3 g4 35. f4 Rxf4+ 36. exf4 Qxd3 37. Rxe8+ Kf7 38. Re3 Qd2+ 39. Re2 Qd4+ 40. Kg2 Qd3 41. Rge1 Kg6 42. Rf2 Kf5 43. Ree2 Qc3 44. Rb2 d4 45. Rb3 Qe1 46. Rbb2 d3 47. Rf1 Qc3 48. Rff2 Ke4 49. Rb3 Qe1 50. Rf1 d2 51. Rb1 Qe2+ 52. Kg1 Kd3 53. Rb3+ Kc2 54. Rf2 Qxf2+ 0-1